000 00623nmm a2200181Ia 4500
008 251105s9999||||xx |||||||||||||||||und||
020 _a9788499406909
041 _aspa
100 _aGuilaumet, Jaume
245 0 _aEl periodismo en las transiciones políticas : De la Revolución Portuguesa y la Transición Española a la Primavera Árabe
264 _a[Madrid, España] :
_bBiblioteca Nueva,
_c2014
300 _a368 páginas
650 _aMedia Studies (Journ., TV, etc)
700 _aGuilaumet, Jaume
700 1 _a Salgado, Francesc
856 _uhttps://public.digitaliapublishing.com/a/29867
942 _cCF
999 _c66562
_d66562